000 02961nam a2200565 a 4500
001 991016950119706706
003 ES-BaIT
005 20260130131841.0
008 080813s1793 sp 000 1 spa c
035 _a(ES-BaCBU).b44267150
040 _aES-VaUB
_bcat
_cES-VaUB
080 _a860-2"17"
245 0 0 _aEntremes :
_bEl bobo casado
246 3 2 _aBobo casado
260 _a[Madrid] :
_bSe hallara en la Libreria de Quiroga, calle de la Concepcion ...,
_c1793
300 _a16 p. ;
_c8 (16 cm)
500 _aText a 1 col. - Reclams
500 _aSign.: [ ]8
510 4 _aFernández Gómez, Juan F. Catálogo de entremeses y sainetes del siglo XVIII,
_c198
510 4 _aVega García Luengos, Germán, Fernández Lera, Rosa, Rey Sayagués, Andrés del. Ediciones de teatro español en la Biblioteca de Menéndez Pelayo,
_c544
533 _aReproducció digital disponible a Biblioescènic
593 0 0 _bVIT-080/04.
_cRelligat en volum factici.
_gExemplar digitalitzat per Crossland.
_hArtur Sedó
593 0 0 _bVIT-080/04.
_cRelligat en volum factici.
_gExemplar digitalitzat per Crossland.
_hArtur Sedó
593 0 0 _bVIT-083/07.
_cRelligat en volum factici.
_gExemplar digitalitzat per Crossland.
_hArtur Sedó
593 0 0 _choland. granate
593 0 0 _choland. marrón
593 0 0 _choland. granate. Procedència: Col·lecció Joaquín Montaner
593 0 0 _choland. granate. Procedència: Col·lecció Joaquín Montaner
593 0 0 _choland. granate
650 4 _aEntremesos
_yS. XVIII
_9162695
650 0 4 _aTeatre castellà
_yS. XVIII
_xObres anteriors al 1800
710 2 _aLibrería de Quiroga,
_dactiu 1766?-1804
_eed.imp.lib
_9168059
730 0 _aCol·lecció digital Biblioescènic del MAE
_969172
752 _aEspanya.
_dMadrid
856 4 1 _zAccés lliure (Biblioescènic)
_3Exemplar VIT-080/04
_uhttps://books.cdmae.cat/visorpdf/?recurs=SV0080-04
856 4 1 _zAccés lliure (Biblioescènic)
_3Exemplar VIT-081/16
_uhttps://books.cdmae.cat/visorpdf/?recurs=SV0081-16
856 4 1 _zAccés lliure (Biblioescènic)
_3Exemplar VIT-082/06
_uhttps://books.cdmae.cat/visorpdf/?recurs=SV0082-06
856 4 1 _zAccés lliure (Biblioescènic)
_3Exemplar VIT-083/07
_uhttps://books.cdmae.cat/visorpdf/?recurs=SV0083-07
856 4 2 _3Fitxa del catàleg manual
_uhttp://www.cdmae.cat/sedo/imgtitulos/008/P0001227.gif
856 4 2 _3Fitxa del catàleg manual
_uhttp://www.cdmae.cat/sedo/imgtitulos/008/P0001228.gif
856 4 2 _3Fitxa del catàleg manual
_uhttp://www.cdmae.cat/sedo/imgtitulos/008/P0001229.gif
856 4 2 _3Fitxa del catàleg manual
_uhttp://www.cdmae.cat/sedo/imgtitulos/008/P0001230.gif
856 4 2 _3Fitxa del catàleg manual
_uhttp://www.cdmae.cat/sedo/imgtitulos/008/P0001231.gif
902 _aPatrimoni
908 _aAHCB
_aCDMAE
940 _aRB
942 _2udc
_cDIGITAL
999 _c136886
_d136886